Evaluación del funcionamiento de modelos de bombas de ariete hidráulico de mayor difusión en Nicaragua

Presenta la evaluación del funcionamiento de modelos de bombas de ariete hidráulico de mayor difusión en Nicaragua, en él se presente los modelos de bombas más difundidos, así como las principales características hidráulicas de las bombas y el establecimiento de un proceso matemático para e...

Full description

Bibliographic Details
Main Authors: Espinoza Castillo, Egda Marina, Morales García, Luís Alberto
Other Authors: Tutor: Loaísiga, Henry Eduardo
Format: Tesis Section = Libro
Language:Undetermined
Spanish
Published: Managua UNI 2009
Subjects:
LEADER 01180nam a2200265Ia 4500
008 240830s9999 xx 000 0 und d
040 |a BIBLIOTECA-RUPAP Mon 621.27 E77 
041 |a spa 
082 |a Mon 621.27 E77 
100 1 |a Espinoza Castillo, Egda Marina 
100 1 |b  Morales García, Luís Alberto 
245 1 0 |a Evaluación del funcionamiento de modelos de bombas de ariete hidráulico de mayor difusión en Nicaragua 
260 |a Managua  |b UNI  |c 2009 
300 |a 90 p. :il. 
500 |a Contiene: anexos. 
502 |a Tesis (Ingeniero Agrícola)- UNI, 2009. 
520 3 |a Presenta la evaluación del funcionamiento de modelos de bombas de ariete hidráulico de mayor difusión en Nicaragua, en él se presente los modelos de bombas más difundidos, así como las principales características hidráulicas de las bombas y el establecimiento de un proceso matemático para el cálculo del golpe. 
650 7 |a BOMBAS DE ARIETE 
650 7 |b ARIETE HIDRÁULICOS 
650 7 |c BOMBAS HIDRÁULICAS 
650 7 |d GOLPE DE ARIETE - MODELO MATEMÁTICO 
700 1 |a Tutor:  |b Loaísiga, Henry Eduardo 
942 |c BK  |2 ddc 
991 |a TESIS 
999 |c 15717